| 000 | 00829nam a2200241Ia 4500 | ||
|---|---|---|---|
| 003 | OSt | ||
| 005 | 20260122120541.0 | ||
| 008 | 220923b |||||||| |||| 00| 0 eng d | ||
| 037 | _cGeneral Book | ||
| 040 |
_aRTL _cRTL _beng |
||
| 041 |
_2eng _aeng |
||
| 084 |
_aX:8N9 , L8 _qRTL |
||
| 100 |
_aKing Bert _91104493 |
||
| 245 | 0 | _aManagerial control and organizational democracy | |
| 260 |
_aNew York _bWiley U S A _c1978 |
||
| 300 |
_axviii , 288 P. Author Index : 277-283 P. Subject Index : 284-288 p. _bIncludes bibliographical references and index |
||
| 650 |
_aPublic Relations _91104481 |
||
| 700 |
_aKing Bert _eEditor _91104482 |
||
| 700 |
_aStreufert Siegfried _eEditor _91104483 |
||
| 700 |
_aFiedler Fred E _eEditor _91104484 |
||
| 942 |
_hX:8N9 , L8 _cGB _2CC _n0 |
||
| 999 |
_c640985 _d640985 |
||